| 000 | 00975cam a22002895a 4500 | ||
|---|---|---|---|
| 001 | 1109866 | ||
| 005 | 20160201140438.0 | ||
| 008 | 930831t1994 maua frb 001 0 eng d | ||
| 020 | _a0395668492 | ||
| 020 | _a9780395668498 | ||
| 040 |
_aDLC _cDLC _dDLC _dEG-ScBUE _beng |
||
| 043 | _an-us--- | ||
| 082 | 0 | 4 |
_a338.740973 _222 _bBLA |
| 100 | 1 |
_aBlackford, Mansel G., _d1944- _939202 |
|
| 245 | 1 | 0 |
_aBusiness enterprise in American history / _cMansel G. Blackford, K. Austin Kerr. |
| 250 | _a3rd ed. | ||
| 260 |
_aBoston : _bWadsworth / Cengage Learning, _cc.1994. |
||
| 300 |
_axviii, 394 p. : _bill. ; _c24 cm. |
||
| 500 | _aIndex : p. 387-394. | ||
| 504 | _aIncludes bibliographical references. | ||
| 650 | 7 |
_aCorporations _zUnited States _xHistory. _2BUEsh _939203 |
|
| 650 | 7 |
_aBusiness enterprises _zUnited States _xHistory. _2BUEsh _939204 |
|
| 651 | _2BUEsh | ||
| 653 |
_bBUSADM _cJuly2015 _cJanuary2016 |
||
| 700 | 1 |
_aKerr, K. Austin _q(Kathel Austin) |
|
| 942 | _2ddc | ||
| 999 |
_c20294 _d20266 |
||